Battle of the Brains Challenge Quiz Stats

Quiz Updated Jan 3, 2017

Challenge
Share
Tweet
Embed
Score 0/15 Timer 04:00
0 Plays Today
Question Answer % Correct
There are two non-US cities that have a Six Flags amusement park. One is Mexico City and the other is which Canadian city?Montreal
59.5%
What is the only Ivy League school that is officially named as a “college” as opposed to a “university”?Dartmouth College
55.9%
Who was the first US president to have a government owned/issue vehicle?Theodore Roosevelt
47.7%
What company began in 1983 as the Bell Atlantic Corporation?Verizon Communications
41.2%
Which US space shuttle flew more missions than any of the other shuttles?Discovery
34.3%
Which classic novel features the characters Captain John Yossarian, Captain Aardvark and Doctor Daneeka?Catch-22
34.2%
On August 16, 1984, which automotive tycoon was found not guilty of peddling cocaine due to entrapment?John Delorean
31.9%
In 2011, seventeen-year-old Teresa Scanlan from Nebraska became the youngest person since 1933 to win what title?Miss America
31.3%
Question Answer % Correct
Before disappearing in a 2010 merger, which airline had hubs in Cleveland, Newark and Houston?Continental Airlines
26%
In 1772, pharmacist Carl Scheele discovered an element he called 'fire air.' What is the modern name of the element he discovered?Oxygen
25.4%
During his 1989-94 TV show, what did Arsenio Hall call the section of fist pumping audience members near the stage?Dog Pound
24.6%
Who finished 3rd to Mark McGwire and Sammy Sosa in the famous 1998 home run chase with 56 home runs?Ken Griffey, Jr.
21.7%
In the 1950s, Choo Choo Charlie was the spokesperson for what brand of candy?Good & Plenty
14.8%
Which 1975 rock song opens with the following lyrics: 'See me ride out of the sunset...'?TNT
14.3%
Who did Hulk Hogan defeat to win his first WWF Heavyweight Title in 1984?Iron Sheik
11.4%

You're not logged in!

Compare scores with friends on all Sporcle quizzes.
Sign Up with Email
OR
Log In

You Might Also Like...

Show Comments

Extras

Top Quizzes Today


Score Distribution

Your Account Isn't Verified!

In order to create a playlist on Sporcle, you need to verify the email address you used during registration. Go to your Sporcle Settings to finish the process.

Report this User

Report this user for behavior that violates our Community Guidelines.

Details: